Researching online / (Record no. 10959)
[ view plain ]
| 000 -LEADER | |
|---|---|
| fixed length control field | 01699cam a2200373 a 4500 |
| 001 - CONTROL NUMBER | |
| control field | 15266685 |
| 005 - DATE AND TIME OF LATEST TRANSACTION | |
| control field | 20080924171024.0 |
| 008 - FIXED-LENGTH DATA ELEMENTS--GENERAL INFORMATION | |
| fixed length control field | 080418s2008 enka b 001 0 eng |
| 010 ## - LIBRARY OF CONGRESS CONTROL NUMBER | |
| LC control number | 2008016311 |
| 015 ## - NATIONAL BIBLIOGRAPHY NUMBER | |
| National bibliography number | GBA804539 |
| Source | bnb |
| 016 7# - NATIONAL BIBLIOGRAPHIC AGENCY CONTROL NUMBER | |
| Record control number | 014487761 |
| Source | Uk |
| 020 ## - INTERNATIONAL STANDARD BOOK NUMBER | |
| International Standard Book Number | 9781403997227 (alk. paper) |
| 020 ## - INTERNATIONAL STANDARD BOOK NUMBER | |
| International Standard Book Number | 1403997225 (alk. paper) |
| 035 ## - SYSTEM CONTROL NUMBER | |
| System control number | (OCoLC)190777409 |
| Canceled/invalid control number | (OCoLC)182737339 |
| 035 ## - SYSTEM CONTROL NUMBER | |
| System control number | (OCoLC)ocn190777409 |
| 040 ## - CATALOGING SOURCE | |
| Original cataloging agency | DLC |
| Transcribing agency | DLC |
| Modifying agency | UKM |
| -- | YDXCP |
| -- | BTCTA |
| -- | BAKER |
| -- | BWKUK |
| -- | BWK |
| -- | BWX |
| -- | NLGGC |
| -- | IXA |
| -- | COD |
| -- | DLC |
| 050 00 - LIBRARY OF CONGRESS CALL NUMBER | |
| Classification number | ZA4228 |
| Item number | .D65 2008 |
| 082 00 - DEWEY DECIMAL CLASSIFICATION NUMBER | |
| Classification number | 001.4202854 |
| Edition number | 22 |
| Item number | DOL |
| 084 ## - OTHER CLASSIFICATION NUMBER | |
| Classification number | 06.64 |
| Source of number | bcl |
| 100 1# - MAIN ENTRY--PERSONAL NAME | |
| Personal name | Dolowitz, David P. |
| 9 (RLIN) | 5517 |
| 245 10 - TITLE STATEMENT | |
| Title | Researching online / |
| Statement of responsibility, etc | David Dolowitz, Steve Buckler and Fionnghuala Sweeney. |
| 260 ## - PUBLICATION, DISTRIBUTION, ETC. (IMPRINT) | |
| Place of publication, distribution, etc | Houndmills, Basingstoke, Hampshire ; |
| -- | New York : |
| Name of publisher, distributor, etc | Palgrave Macmillan, |
| Date of publication, distribution, etc | 2008. |
| 300 ## - PHYSICAL DESCRIPTION | |
| Extent | xxiii, 224 p. : |
| Other physical details | ill. ; |
| Dimensions | 22 cm. |
| 440 #0 - | |
| -- | Palgrave study guides |
| -- | 5518 |
| 440 #0 - | |
| -- | Palgrave study skills |
| -- | 5519 |
| 504 ## - BIBLIOGRAPHY, ETC. NOTE | |
| Bibliography, etc | Includes bibliographical references and index. |
| 650 #0 - SUBJECT ADDED ENTRY--TOPICAL TERM | |
| Topical term or geographic name as entry element | Internet research. |
| 9 (RLIN) | 5520 |
| 700 1# - ADDED ENTRY--PERSONAL NAME | |
| Personal name | Buckler, Steve, |
| Dates associated with a name | 1960- |
| 9 (RLIN) | 5521 |
| 700 1# - ADDED ENTRY--PERSONAL NAME | |
| Personal name | Sweeney, Fionnghuala. |
| 9 (RLIN) | 5522 |
| 942 ## - ADDED ENTRY ELEMENTS (KOHA) | |
| Source of classification or shelving scheme | Dewey Decimal Classification |
| Item type | Book - Borrowing |
| Withdrawn status | Item status | Source of classification or shelving scheme | Damaged status | Not for loan | Vendor | Home library | Current library | Shelving location | Date acquired | Source of acquisition | Cost, normal purchase price | Serial Enumeration / chronology | Total Checkouts | Total Renewals | Full call number | Barcode | Date last seen | Date last borrowed | Koha item type |
|---|---|---|---|---|---|---|---|---|---|---|---|---|---|---|---|---|---|---|---|
| Dewey Decimal Classification | Alahram | Central Library | Central Library | Lower Floor | 26/02/2009 | 148.50 | 368 | 5 | 2 | 001.4202854 DOL | 000014951 | 15/07/2025 | 28/09/2015 | Book - Borrowing | |||||
| Dewey Decimal Classification | MERIC | Central Library | Central Library | Lower Floor | 28/05/2009 | 107.00 | 9086 | 1 | 6 | 001.4202854 DOL | 000016536 | 15/07/2025 | 28/09/2015 | Book - Borrowing |